| 000 | 00573nam a2200181Ia 4500 | ||
|---|---|---|---|
| 008 | 090630s9999 xx 000 0 und d | ||
| 082 | _b25703 | ||
| 100 | _aकोटक वजु. | ||
| 245 |
_aप्रभात पुष्प. _cकोटक वजु. |
||
| 260 |
_bप्रविण - राजकोट. _c2006 |
||
| 300 | _a271 | ||
| 600 | _aकोटक वजु. | ||
| 630 | _aप्रभात पुष्प. | ||
| 655 | _aलघुकथा. | ||
| 700 | _aकोटक वजु. | ||
| 730 | _aप्रभात पुष्प. | ||
| 942 | _cBOOK | ||
| 999 |
_c277559 _d277559 |
||